000 00415cam a2200169ua 4500
020 _c4.00
041 _aeng
_h
082 _a425
_bBUR/HA
100 _aBurton, S.H .
245 _aHand book of English practice /
_cS.H.Burton.
_hTextual Documents
260 _aLondon :
_bHutchinson Educational Ltd. ,
_c1959.
300 _a135 ; .
365 _a4.00
504 _a
942 _cBK
999 _c8650
_d8650